00927 a2200157 4500020001500000020001800015082001500033100002600048245006300074260004900137300002100186505038900207942002900596999001900625952012500644 a052181538X a9780521815383 a551.22,CHA1 aChapman, Chris.9867910aFundamentals of seismic wave propagation /cChris Chapman. a[S.l.] :bCambridge University Press,c2004. a634 p. ;c25 cm. aIntroduction (Page-1), Basic wave propagation (Page-6), Transforms (Page-45), Review of continuum mechanics and elastic waves (Page-76), Asymptotic ray theory (Page-134), Rays at an interface (Page-198), Differential systems for stratified media (Page-247), Inverse transforms for stratified media (Page-310), Canonical signals (Page-378), Generalizations of ray theory (Page-459).  aSNScBKk551.22 CHA2ddc c176937d176937 00102ddc4070aMCSbMCScREFd2016-12-12o551.22,CHApMCS31203r2016-12-08w2016-12-12yREFzAlmirah No.19, Shelf No.6